|
|
|
|
| LEADER |
00000ckm a2200000 a 4500 |
| 001 |
vtls001205587 |
| 003 |
SK-MaSNL |
| 005 |
20260331202644.0 |
| 007 |
kf co |
| 008 |
180703s1989 xo g 0kuslo |
| 015 |
|
|
|a SNBG1989
|
| 035 |
|
|
|a SNK000148657
|
| 040 |
|
|
|a SNK
|b slo
|c SNK
|e AACR2
|
| 041 |
0 |
|
|a slo
|
| 043 |
|
|
|a e-xo---
|
| 044 |
|
|
|a xo
|c SK
|
| 072 |
|
7 |
|a 913
|x Regionálna geografia
|2 konspekt
|
| 080 |
|
|
|a 913(437.6)
|2 2011
|
| 080 |
|
|
|a 908(437.6)
|2 2011
|
| 080 |
|
|
|a (084.121)
|2 2011
|
| 080 |
|
|
|a 556.53
|2 2011
|
| 080 |
|
|
|a 502.51
|2 2011
|
| 080 |
|
|
|a 725.95
|2 2011
|
| 080 |
|
|
|a 624.21/.8
|2 2011
|
| 080 |
|
|
|a 725.1:615.838
|2 2011
|
| 080 |
|
|
|a 711.455:615.838
|2 2011
|
| 080 |
|
|
|a 614.2:[725.1:614.21]
|2 2011
|
| 080 |
|
|
|a 730
|2 2011
|
| 080 |
|
|
|a 712.253
|2 2011
|
| 080 |
|
|
|a (282.243)
|2 2011
|
| 100 |
1 |
|
|a Ondrejkovič, Ivan,
|d 1935-1998
|4 pht
|9 7599
|
| 245 |
1 |
0 |
|a Piešťany
|h grafika
|b Kolonádový most : Liečebné domy Balnea Palace a Thermia Palace : Barlolamač
|c foto: I. Ondrejkovič ; grafický návrh: Ľ. Rázusová
|
| 246 |
1 |
|
|i Názov na obrazovej časti:
|a Piešťany
|
| 260 |
|
|
|a Bratislava
|b ČSTK-Pressfoto
|c 1989
|e Skalica
|f Grafobal
|
| 300 |
|
|
|a 1 pohľadnica (4 čiastkové pohľady)
|b farebná
|c 11 x 15 cm
|
| 520 |
8 |
|
|a Zobrazenie: Štyri čiastkové pohľady, každý v bielom orámovaní, všetky spolu v striebornom orámovaní. Vpravo hore je nad nimi vodorovne bielym písmom názov na červenom podklade v bielom orámovaní. Pohľad zhora na Kolonádový most vpravo v pozadí. V popredí vidno tuje a listnaté stromy vpravo na trávnatej ploche. Vľavo od nich sú rôzne vysoké listnaté stromy popri chodníku pozdĺž rieky. Vľavo aj vpravo od mostu vidno rieku Váh. V pozadí za mostom sú poschodové kúpeľné budovy, okolo nich sú husté stromy. Pohľad na liečebný dom Balnea Grand za vysokými a hustými ihličnatými stromami. Pohľad na sochu Barlolámača vpravo. Vľavo za ním vidno chodník pozdĺž rieky Váh, ktorú vidno vpravo v pozadí. Vľavo sú popri chodníku vysoké listnaté stromy. Pohľad na liečebný dom Thermia palace. V popredí je vľavo aj vpravo ihličnatý strom, pred nimi je múrik. Vpravo v pozadí vidno pred budovou rôzne tuje a listnaté stromy. Všetky pohľady zobrazujú zasnežené prostredie
|
| 650 |
0 |
7 |
|a rieky
|2 SNKPH
|9 29644
|
| 650 |
0 |
7 |
|a mosty
|2 SNKPH
|9 3015
|
| 650 |
0 |
7 |
|a kúpeľné budovy
|2 SNKPH
|9 102104
|
| 650 |
0 |
7 |
|a kúpele
|2 SNKPH
|9 1139
|
| 650 |
0 |
7 |
|a liečebne
|2 SNKPH
|9 56920
|
| 650 |
0 |
7 |
|a sochy
|2 SNKPH
|9 29846
|
| 650 |
0 |
7 |
|a parky
|2 SNKPH
|9 2942
|
| 650 |
0 |
7 |
|a Barlolámač (socha)
|2 SNKPH
|9 147464
|
| 651 |
|
7 |
|a Piešťany (Slovensko)
|2 SNKPHgeo
|9 23981
|
| 651 |
|
7 |
|a Váh (Slovensko : rieka)
|2 SNKPHgeo
|9 59387
|
| 651 |
|
7 |
|a Kolonádový most (Piešťany, Slovensko)
|2 SNKPHgeo
|9 147465
|
| 655 |
|
7 |
|a geografické pohľadnice
|2 SNKPH
|9 70522
|
| 655 |
|
7 |
|a miestne pohľadnice
|2 SNKPH
|9 70510
|
| 700 |
1 |
|
|a Rázusová, Ľubica
|c (grafička)
|4 art
|9 283298
|
| 958 |
|
|
|a GBN
|
| 958 |
|
|
|a GC
|
| 958 |
|
|
|a OND
|
| 999 |
|
|
|c 613128
|d 615058
|
| 952 |
|
|
|a SNK
|b SNK
|y PREZ
|7 0
|p 17A1289763
|o snkSP 142009
|i snk1505/90
|0 0
|1 0
|4 0
|d 2021-10-13
|f 1
|l 0
|r 2026-02-23 16:29:29
|w 2026-02-23
|
| 952 |
|
|
|a SNK
|b SNK
|y PREZ
|7 0
|p 17A1289764
|o snkSP 142009 D1
|i snk1506/90
|0 0
|1 0
|4 0
|d 2021-10-13
|l 0
|r 2026-02-23 16:29:29
|w 2026-02-23
|